The essential advantage : (Record no. 1432)

000 -LEADER
fixed length control field 01637nam a22003857a 4500
001 - CONTROL NUMBER
control field 16264939
003 - CONTROL NUMBER IDENTIFIER
control field OSt
005 - DATE AND TIME OF LATEST TRANSACTION
control field 20210426065623.0
008 - FIXED-LENGTH DATA ELEMENTS--GENERAL INFORMATION
fixed length control field 100603s2011 maua b 001 0 eng
010 ## - LIBRARY OF CONGRESS CONTROL NUMBER
LC control number 2010022988
015 ## - NATIONAL BIBLIOGRAPHY NUMBER
National bibliography number GBB093085
Source bnb
016 7# - NATIONAL BIBLIOGRAPHIC AGENCY CONTROL NUMBER
Record control number 015619102
Source Uk
020 ## - INTERNATIONAL STANDARD BOOK NUMBER
International Standard Book Number 9781422136515 (hbk. : alk. paper)
020 ## - INTERNATIONAL STANDARD BOOK NUMBER
International Standard Book Number 1422136515 (hbk. : alk. paper)
035 ## - SYSTEM CONTROL NUMBER
System control number (OCoLC)ocn457150903
040 ## - CATALOGING SOURCE
Original cataloging agency DLC
Transcribing agency DLC
Modifying agency YDX
-- BTCTA
-- YDXCP
-- ORX
-- CDX
-- BWX
-- UKM
-- SINLB
-- DLC
050 00 - LIBRARY OF CONGRESS CALL NUMBER
Classification number HD30.28
Item number .L4493 2011
080 ## - UNIVERSAL DECIMAL CLASSIFICATION NUMBER
Universal Decimal Classification number 65
Item number L-51
082 00 - DEWEY DECIMAL CLASSIFICATION NUMBER
Classification number 658.4/012
Edition number 22
100 1# - MAIN ENTRY--PERSONAL NAME
Personal name Leinwand, Paul.
245 14 - TITLE STATEMENT
Title The essential advantage :
Remainder of title how to win with a capabilities-driven strategy /
Statement of responsibility, etc. Paul Leinwand, Cesare Mainardi.
260 ## - PUBLICATION, DISTRIBUTION, ETC.
Place of publication, distribution, etc. Boston, Mass. :
Name of publisher, distributor, etc. Harvard Business Review Press,
Date of publication, distribution, etc. c2011.
300 ## - PHYSICAL DESCRIPTION
Extent xii, 227 p. :
Other physical details ill. ;
Dimensions 24 cm.
365 ## - TRADE PRICE
Price type code 29.95 USD
504 ## - BIBLIOGRAPHY, ETC. NOTE
Bibliography, etc. note Includes bibliographical references and index.
505 0# - FORMATTED CONTENTS NOTE
Formatted contents note The essence of advantage -- The coherence premium -- The capabilities-driven strategy -- The way to play -- The capabilities system -- Product and service fit -- Unlocking growth -- Mergers and acquisitions -- Cut costs and grow stronger -- The essential advantage road map -- Organizing for coherence -- The capable leader.
650 #0 - SUBJECT ADDED ENTRY--TOPICAL TERM
Topical term or geographic name entry element Strategic planning.
650 #0 - SUBJECT ADDED ENTRY--TOPICAL TERM
Topical term or geographic name entry element Management.
650 #0 - SUBJECT ADDED ENTRY--TOPICAL TERM
Topical term or geographic name entry element Organizational effectiveness.
653 ## - INDEX TERM--UNCONTROLLED
Uncontrolled term ბიზნესი
700 1# - ADDED ENTRY--PERSONAL NAME
Personal name Mainardi, Cesare.
906 ## - LOCAL DATA ELEMENT F, LDF (RLIN)
a 7
b cbc
c orignew
d 1
e ecip
f 20
g y-gencatlg
942 ## - ADDED ENTRY ELEMENTS (KOHA)
Source of classification or shelving scheme
Koha item type Books
Holdings
Withdrawn status Lost status Source of classification or shelving scheme Damaged status Not for loan Permanent location Current location Date acquired Inventory number Total Checkouts Full call number Barcode Date last seen Price effective from Koha item type
          Ken Walker International University Ken Walker International University 02/16/2021 1278   65 L-51 1278 02/16/2021 02/16/2021 Books

Powered by Koha